Rhymes With Crash - Statistics

General Stats
  • This quiz has been taken 679 times
  • The average score is 18 of 20
Answer Stats
Hint Answer % Correct
B Bash
100%
D Dash
99%
L Lash
99%
R Rash
99%
A Ash
98%
C Cash
98%
G Gash
98%
H Hash
98%
M Mash
98%
F Flash
96%
S Sash
95%
T Trash
95%
S Stash
94%
B Brash
93%
C Clash
92%
S Slash
92%
S Smash
88%
S Splash
71%
T Thrash
65%
G Gnash
60%
No matching quizzes found
Score Distribution
Percent of People with Each Score
Percentile by Number Answered
Your Score History
You have not taken this quiz